Статусные стереотипы речевого поведения; Коммуникативные аспекты языка и культуры; Ч. 1
| Parent link: | Коммуникативные аспекты языка и культуры: сборник материалов XI Международной научно-практической конференции студентов и молодых ученых, г. Томск, 18-20 мая 2011 г./ Национальный исследовательский Томский политехнический университет (ТПУ) ; под ред. С. А. Песоцкой.— , 2011 Ч. 1.— 2011.— [С. 80-83] |
|---|---|
| Hovedforfatter: | |
| Andre forfattere: | |
| Summary: | Заглавие с титульного листа. Электронная версия печатной публикации. |
| Sprog: | russisk |
| Udgivet: |
2011
|
| Serier: | Теория и практика межкультурной коммуникации |
| Fag: | |
| Online adgang: | http://www.lib.tpu.ru/fulltext/c/2011/C77/V1/016.pdf |
| Format: | MixedMaterials Electronisk Book Chapter |
| KOHA link: | https://koha.lib.tpu.ru/cgi-bin/koha/opac-detail.pl?biblionumber=611690 |
MARC
| LEADER | 00000naa2a2200000 4500 | ||
|---|---|---|---|
| 001 | 611690 | ||
| 005 | 20260416104735.0 | ||
| 035 | |a (RuTPU)RU\TPU\conf\9514 | ||
| 035 | |a RU\TPU\conf\9513 | ||
| 090 | |a 611690 | ||
| 100 | |a 20150412d2011 k y0rusy50 ca | ||
| 101 | 0 | |a rus | |
| 102 | |a RU | ||
| 135 | |a drgn ---uucaa | ||
| 181 | 0 | |a i | |
| 182 | 0 | |a b | |
| 200 | 1 | |a Статусные стереотипы речевого поведения |f Н. Н. Доля |g науч. рук. Л. С. Иванова | |
| 203 | |a Текст |c электронный | ||
| 215 | |a 1 файл (115 Кб) | ||
| 225 | 1 | |a Теория и практика межкультурной коммуникации | |
| 300 | |a Заглавие с титульного листа. | ||
| 300 | |a Электронная версия печатной публикации. | ||
| 337 | |a Adobe Reader | ||
| 461 | 1 | |0 (RuTPU)RU\TPU\conf\8793 |t Коммуникативные аспекты языка и культуры |o сборник материалов XI Международной научно-практической конференции студентов и молодых ученых, г. Томск, 18-20 мая 2011 г. |o в 3 ч. |f Национальный исследовательский Томский политехнический университет (ТПУ) ; под ред. С. А. Песоцкой |d 2011 | |
| 463 | 1 | |0 (RuTPU)RU\TPU\conf\8794 |t Ч. 1 |v [С. 80-83] |d 2011 | |
| 610 | 1 | |a электронный ресурс | |
| 610 | 1 | |a труды учёных ТПУ | |
| 610 | 1 | |a статус | |
| 610 | 1 | |a стереотипы | |
| 610 | 1 | |a речевое поведение | |
| 610 | 1 | |a общение | |
| 610 | 1 | |a русский язык | |
| 610 | 1 | |a немецкий язык | |
| 700 | 1 | |a Доля |b Н. Н. | |
| 702 | 1 | |a Иванова |b Л. С. |c лингвист |c доцент Томского политехнического университета |f 1939- |g Людмила Серафимовна |4 727 | |
| 801 | 1 | |a RU |b 63413507 |c 20150310 | |
| 801 | 2 | |a RU |b 63413507 |c 20150412 |g RCR | |
| 856 | 4 | |u http://www.lib.tpu.ru/fulltext/c/2011/C77/V1/016.pdf | |
| 942 | |c BK | ||